000 01010nam a22002777a 4500
001 3130
003 FISKH
005 20240208090653.0
008 240208b cb ||||| |||| 00| 0 eng d
020 _a9780590461887
040 _aFISKH
_beng
_cFISKH
_dFISKH
050 _aGT4975
082 _a974.48202
100 _aMcGovern, Ann
245 _aThe Pilgrims' first thanksgiving /
_cby McGovern, Ann : illustrated by Freem, Elroy
250 _aFirst Scholastic printing, October 1993
260 _aNew York :
_bScholastic ,
_c1973
300 _a30 unnumbered pages :
_bcolor illustrations ;
_c26 cm .
505 _aN
520 _aDescribes the voyage of the Mayflower and the difficulties encountered by the Pilgrims during their first year in the New World, and recounts how they celebrated their first harvest.
521 8 _a570
_bLexile
521 8 _aN
_bRaz-Plus
650 _aNative Americans
_vhistorical fiction
700 _aFreem, Elroy
_eillustrator
942 _2ddc
_cBK
_n0
999 _c3130
_d3130